Almost Useless Trivia #3 - Statistics

General Stats
  • This quiz has been taken 149 times
  • The average score is 9 of 20
Answer Stats
Hint Answer % Correct
Area 51 is located in which US state? Nevada
85%
What is James Bond’s preferred drink of choice? Martini
76%
Which small country is located between the borders of France and Spain? Andorra
73%
Where do kiwi fruits originally come from? China
72%
What famous character is known for saying, "I'll be back"? The Terminator
70%
The Flag of the European Union has how many stars on it? 12
64%
Which band is ‘will.i.am’ part of? Black Eyed Peas
64%
What color is the tongue of a giraffe? Purple
61%
Which country was split into two zones by the Yalta agreement? Germany
52%
Which movie is known for this famous quote: “Yo Adrian!” Rocky
49%
In which sport does Lee Westwood play? Golf
39%
Hyena poop is white because they can digest what? Bones
35%
What kind of turtle can’t retract into its shell? Sea
31%
Which American author wrote ''Salem's Lot'? Stephen King
27%
What is Oology the study of? Eggs
20%
What did Temujin change his name to? Genghis Khan
19%
In what city were the fortune cookies invented? San Francisco
14%
What was the first fruit that was eaten on the moon? Peach
12%
What is the unit of currency in Laos? Kip
8%
Who was Saturday Night Live’s first celebrity host? George Carlin
7%
No matching quizzes found
Score Distribution
Percent of People with Each Score
Percentile by Number Answered
Your Score History
You have not taken this quiz